header

The ethics of terminal care (Record no. 180705)

MARC details
000 -LEADER
fixed length control field 01249nam a22003134a 4500
082 04 - DEWEY DECIMAL CLASSIFICATION NUMBER
Classification number 174/.24
100 1# - MAIN ENTRY--AUTHOR NAME
Personal name Loewy, Erich H.
245 14 - TITLE STATEMENT
Title The ethics of terminal care
260 ## - PUBLICATION, DISTRIBUTION, ETC. (IMPRINT)
Place of publication New York :
Name of publisher Kluwer Academic/Plenum Publishers,
Year of publication c2000.
300 ## - PHYSICAL DESCRIPTION
Number of Pages xv, 181 p.
650 #0 - SUBJECT ADDED ENTRY--TOPICAL TERM
Topical Term Terminal care
Topical Term Terminal care.
700 1# - ADDED ENTRY--PERSONAL NAME
Personal name Loewy, Roberta Springer.
856 40 - ELECTRONIC LOCATION AND ACCESS
Uniform Resource Identifier http://site.ebrary.com/lib/rucke/Doc?id=10048302

No items available.

© 2026 Rongo University
Contact us: librarian | system librarian | Rongo university